00521nam a2200193Ia 450000500170000000800410001702000150005808200190007324500200009226000360011230000160014865000110016465000100017565000100018570000160019594200060021195200950021799900150031220241219033657.0240331s9999 xx 000 0 und d a818670664X bANU25478a305 0aGender and Cast aNew DelhibKali for Womenc2003 aix, 377 p., aGender aCaste aWomen aRao, Aeedt cL 001040708LaWERCLbWERCLcSSCd2024-03-31l0o 305 GENp5478r2024-03-31w2024-03-31yL c1419d1419